<?xml version="1.0" encoding="UTF-8"?><?xml-stylesheet type="text/xsl" href="static/style.xsl"?><OAI-PMH xmlns="http://www.openarchives.org/OAI/2.0/" xmlns:xsi="http://www.w3.org/2001/XMLSchema-instance" xsi:schemaLocation="http://www.openarchives.org/OAI/2.0/ http://www.openarchives.org/OAI/2.0/OAI-PMH.xsd"><responseDate>2026-04-28T19:26:44Z</responseDate><request verb="GetRecord" identifier="oai:uvadoc.uva.es:10324/62077" metadataPrefix="marc">https://uvadoc.uva.es/oai/request</request><GetRecord><record><header><identifier>oai:uvadoc.uva.es:10324/62077</identifier><datestamp>2023-10-18T19:02:46Z</datestamp><setSpec>com_10324_38</setSpec><setSpec>col_10324_852</setSpec></header><metadata><record xmlns="http://www.loc.gov/MARC21/slim" xmlns:doc="http://www.lyncode.com/xoai" xmlns:xsi="http://www.w3.org/2001/XMLSchema-instance" xmlns:dcterms="http://purl.org/dc/terms/" xsi:schemaLocation="http://www.loc.gov/MARC21/slim http://www.loc.gov/standards/marcxml/schema/MARC21slim.xsd">
<leader>00925njm 22002777a 4500</leader>
<datafield tag="042" ind1=" " ind2=" ">
<subfield code="a">dc</subfield>
</datafield>
<datafield tag="720" ind1=" " ind2=" ">
<subfield code="a">García Baranda, Noelia</subfield>
<subfield code="e">author</subfield>
</datafield>
<datafield tag="260" ind1=" " ind2=" ">
<subfield code="c">2023</subfield>
</datafield>
<datafield tag="520" ind1=" " ind2=" ">
<subfield code="a">El cuento es un recurso educativo de gran importancia en la educación infantil. Permite a los niños y niñas acercarse a la realidad que les rodea, además de ayudar en su desarrollo integral. De este modo, si juntamos la música y los cuentos da lugar a la creación de los cuentos sonoros, los cuales proporcionan una herramienta educativa que persigue fomentar el acercamiento y gusto por la lectura de los cuentos y a su vez, incorporar aspectos musicales en la educación infantil. A través de la sonorización de cuentos, se fomenta el aprendizaje de contenidos propios del currículo y musicales de una manera lúdica y atractiva. En el presente TFG se desarrolla una propuesta didáctica que persigue el acercamiento a la música en las edades tempranas a través de los cuentos sonoros, donde los niños y niñas son los encargados de sonorizarlos estos a través de cuerpos sonoros, cuerpo y voz.</subfield>
</datafield>
<datafield tag="024" ind2=" " ind1="8">
<subfield code="a">https://uvadoc.uva.es/handle/10324/62077</subfield>
</datafield>
<datafield tag="245" ind1="0" ind2="0">
<subfield code="a">Los cuentos sonoros para la Educación Infantil</subfield>
</datafield>
</record></metadata></record></GetRecord></OAI-PMH>